Autosuficiencia energética a partir de biogás en la Estación Experimental Agrícola Fabio Baudrit Moreno. Etapa 1: Estudios iniciales
Uloženo v:
| Hlavní autor: | |
|---|---|
| Další autoři: | |
| Médium: | Kniha |
| Jazyk: | Spanish |
| Vydáno: |
[San José], Costa Rica
2016
|
| Témata: | |
| Tagy: |
Přidat tag
Žádné tagy, Buďte první, kdo vytvoří štítek k tomuto záznamu!
|
MARC
| LEADER | 00000nam a22000007a 4500 | ||
|---|---|---|---|
| 003 | 012400 | ||
| 005 | 20230912153459.0 | ||
| 008 | 160708b2016 cr a|||| |||| 00| ||spa d | ||
| 040 | |c cru CEDI | ||
| 090 | |a TFG 7558 | ||
| 100 | |9 1492 |a Chavarría Cruz, Juan Carlos, 1990- | ||
| 245 | |a Autosuficiencia energética a partir de biogás en la Estación Experimental Agrícola Fabio Baudrit Moreno. Etapa 1: Estudios iniciales | ||
| 260 | |a [San José], Costa Rica |c 2016 | ||
| 300 | |a xiii, 75[8]hojas ; ilustraciones | ||
| 500 | |a Proyecto de graduación (bachillerato en ingeniería eléctrica)--Universidad de Costa Rica. Facultad de Ingeniería. Escuela de Ingeniería Eléctrica | ||
| 501 | |a Profesor Guía de IE-0499 Proyecto Eléctrico: Dr. José David Rojas Fernández | ||
| 610 | 0 | |9 1493 |a UNIVERSIDAD DE COSTA RICA. ESTACION EXPERIMENTAL AGRICOLA FABIO BAUDRIT MORENO | |
| 651 | |x BIOGAS - PRODUCCION |x ENERGIA ELECTRICA - PRODUCCION |x BIODIGESTORES |x APROVECHAMIENTO DE RESIDUOS |9 5194 | ||
| 700 | |9 701 |a Rojas Fernández, José David, 1984- |d Director de Proyecto Eléctrico | ||
| 942 | |c CEDI | ||
| 999 | |c 16981 |d 16981 | ||
